| 000 | 00352nam a2200145 i 4500 | ||
|---|---|---|---|
| 001 | bg | ||
| 100 | 1 | _aALLEN, R. G. D. | |
| 245 | 0 |
_aTeoria makroekonomiczna : _bujęcie matematyczne / _cR.G.D. Allen. |
|
| 260 |
_aWarszawa, _c1975. |
||
| 040 | _cBPK | ||
| 041 | _apol | ||
| 080 | _a330.115 | ||
| 942 | _cKS | ||
| 008 | s pl f |000 0 pol | ||
| 999 |
_c16482 _d16482 |
||
| 856 |
_uhttp://koha.tu.koszalin.pl/cgi-bin/koha/opac-detail.pl?biblionumber=16482 _yKatalog online BPK |
||